The Coming of Christianity in Manipur: (Record no. 7115)

MARC details
000 -LEADER
fixed length control field 00564nam a22001697a 4500
003 - CONTROL NUMBER IDENTIFIER
control field GBCCL
005 - DATE AND TIME OF LATEST TRANSACTION
control field 20241126110620.0
008 - FIXED-LENGTH DATA ELEMENTS--GENERAL INFORMATION
fixed length control field 180710b ||||| |||| 00| 0 eng d
040 ## - CATALOGING SOURCE
Transcribing agency GBC
082 ## - DEWEY DECIMAL CLASSIFICATION NUMBER
Classification number 275.417
Item number VAI
100 ## - MAIN ENTRY--PERSONAL NAME
Personal name Vaiphei, Kim
9 (RLIN) 4003
245 ## - TITLE STATEMENT
Title The Coming of Christianity in Manipur:
Remainder of title With special reference to the Kukis/
Statement of responsibility, etc. Kim Vaiphei
260 ## - PUBLICATION, DISTRIBUTION, ETC.
Place of publication, distribution, etc. New Delhi:
Name of publisher, distributor, etc. The Joint Women's Programme,
Date of publication, distribution, etc. 1995.
300 ## - PHYSICAL DESCRIPTION
Extent 52 p.;
Dimensions 13 x 21 cm.
650 ## - SUBJECT ADDED ENTRY--TOPICAL TERM
Topical term or geographic name entry element Christianity - Manipur
Form subdivision Church History
-- Kuki (Asian) - Manipur - India
9 (RLIN) 12598
942 ## - ADDED ENTRY ELEMENTS (KOHA)
Source of classification or shelving scheme Dewey Decimal Classification
Koha item type Books
Koha issues (borrowed), all copies 4
Holdings
Withdrawn status Lost status Source of classification or shelving scheme Damaged status Not for loan Home library Current Library Shelving location Date acquired Total checkouts Full call number Barcode Date last seen Date last checked out Copy number Price effective from Koha item type
    Dewey Decimal Classification     GRACE BIBLE COLLEGE GRACE BIBLE COLLEGE North East Collection 2018-07-10 4 275.417 VAI 004647 2025-05-01 2022-10-05 c.1 2018-07-10 Books
© Grace Bible College Library 2025